00241nam a22000977a 4500008004100000082001100041245006400052260000900116300001000125760000800135180802b xxu||||| |||| 00| 0 eng d a813.52 aEssentials of Psychiatric Mental Health NursingcTownsend,M c2008 a1fCD b4th